| 000 | 00901nam0a22002531 4500 | ||
|---|---|---|---|
| 001 | rc\4373946 | ||
| 005 | 20250611163452.0 | ||
| 035 | _a(NLR Aleph) 008288082 | ||
| 090 |
_a8558702 _c8558702 |
||
| 100 | _a20130416d1960 |||y0rusy50 ca | ||
| 101 | 0 | _arus | |
| 102 | _aRU | ||
| 105 | _aa z ||||| | ||
| 200 | 1 |
_aВопросы гидротехнического строительства _e[Сборник статей] _f[Ред. коллегия: П.В. Квочкин (отв. ред.)...] [и др.] |
|
| 210 |
_aБ. м. _cБ. и. _d1960 |
||
| 215 |
_a210 с., 1 л. табл. _cил. _d25 |
||
| 225 | 1 |
_aВоенно-морской флот. Сборник трудов _v№ 6 |
|
| 320 | _aБиблиогр. в конце статей | ||
| 702 | 1 |
_aКвочкин _bП.В. _4340 |
|
| 801 | 0 |
_aRU _bNLR _gpsbo |
|
| 801 | 1 |
_aRU _bELAR _2rusmarc |
|
| 852 |
_aNLR _jП11/1991 |
||
| 942 | _cBOOK | ||
| 980 | _aNB | ||